| 000 | 01006cam a2200265 a 4500 | ||
|---|---|---|---|
| 005 | 20260409140729.0 | ||
| 008 | 081204s2009 nyua b 001 0 eng d | ||
| 020 | _a9781402097973 (pbk) | ||
| 082 | _a330 MAT | ||
| 100 | 1 | _aMathis, Klaus | |
| 245 | 1 | 0 |
_aEfficiency instead of justice? : _bsearching for the philosophical foundations of the economic analysis of law / _cKlaus Mathis ; translated by Deborah Shannon. |
| 260 |
_aNew York : _bSpringer, _c2009. |
||
| 300 |
_axv, 220 p. : _c24 cm. |
||
| 365 | _bRs. 5372.00 | ||
| 440 | _aLaw and philosophy library 84 | ||
| 650 | 0 |
_aJustice, Administration of _xEconomic aspects. |
|
| 650 | 0 |
_aProcedure (Law) _xEconomic aspects. |
|
| 650 | 0 |
_aLaw _xPhilosophy. |
|
| 650 | 0 | _aEconomics. | |
| 650 | 7 |
_aÖkonomische Theorie des Rechts _xRechtsphilosophie. _2swd |
|
| 700 | 1 | _aShannon, Deborah | |
| 760 | _bLaw and philosophy library 84 | ||
| 856 | 4 | 1 |
_3Table of contents _uhttp://www.loc.gov/catdir/enhancements/fy1207/2008942998-t.html |
| 942 |
_2ddc _cBK |
||
| 999 |
_c29227 _d29227 |
||